Tell el-Dabʻa XVI : die Gräber des Areals A/II von Tell el-Dabʻa /

محفوظ في:

المؤلف الرئيسي: Forstner-Müller, Irene (مؤلف)

التنسيق: كتاب

اللغة: German

منشور في: Wien : Verlag der Österreichischen Akademie der Wissenschaften, 2008.

سلاسل: Untersuchungen der Zweigstelle Kairo des Osterreichischen Archaologischen Institutes ; 28.
Denkschriften der Gesamtakademie ; 44.
Ausgrabungen in Tell el-Dabʻa ; 1.

الموضوعات:

الوسوم: إضافة وسم

لا توجد وسوم, كن أول من يضع وسما على هذه التسجيلة!

رقم الطلب: DT57 .O69 v.28

LEADER 01575namaa2200349 4500
001 16111
003 OSt
005 20220112061150.0
008 130303s2008 au ab g b 000 0 ger d
952 |0 0  |1 0  |2 lcc  |3 v.28  |4 0  |6 DT0057 O69 V.00028  |7 1  |9 24297  |a ARCE  |b ARCE  |d 2022-01-12  |l 0  |o DT57 .O69 v.28  |p 1013125  |r 2022-01-12 00:00:00  |w 2022-01-12  |y BK 
999 |c 16264  |d 16264 
020 |a 9783700160960 
040 |c ARCE Library 
043 |a f-ua--- 
050 4 |a DT57 .O69 v.28 
100 1 |a Forstner-Müller, Irene,  |e author  |9 30156 
245 1 0 |a Tell el-Dabʻa XVI :   |b die Gräber des Areals A/II von Tell el-Dabʻa /   |c Irene Forstner-Müller. 
246 3 0 |a Gräber des Areals A/II von Tell el-Dabʻa. 
264 1 |a Wien :   |b Verlag der Österreichischen Akademie der Wissenschaften,   |c 2008.  
300 |a 437 pages :   |b illustrations (some color), maps ;   |c 31 cm. 
490 1 |a Untersuchungen der Zweigstelle Kairo des Osterreichischen Archaologischen Institutes ;   |v 28. 
490 1 |a Denkschriften der Gesamtakademie ;   |v 44. 
490 1 |a Ausgrabungen in Tell el-Dabʻa ;   |v 1. 
504 |a Includes bibliographical references (pages 421-437). 
650 0 |a Tombs  |z Egypt  |z Ḍabʻah, Tall al- 
650 0 |a Excavations (Archaeology)  |z Egypt  |z Ḍabʻah, Tall al- 
651 0 |a Ḍabʻah, Tall al- (Egypt)  |x Antiquities. 
830 0 |a Untersuchungen der Zweigstelle Kairo des Osterreichischen Archaologischen Institutes ;   |v 28. 
830 0 |a Denkschriften der Gesamtakademie ;   |v 44. 
830 0 |a Ausgrabungen in Tell el-Dabʻa ;   |v 1. 
901 |a reviewed 
942 |c BK  |2 lcc